Chế độ chính sách mới về lao động, tiền lương và bảo hiểm xã hội
Gespeichert in:
| Format: | Buch |
|---|---|
| Sprache: | Undetermined |
| Veröffentlicht: |
Hà Nội
Thống Kê
2003
|
| Schlagworte: | |
| Tags: |
Tag hinzufügen
Keine Tags, Fügen Sie den ersten Tag hinzu!
|
| Thư viện lưu trữ: | Trung tâm Học liệu Trường Đại học Cần Thơ |
|---|
| LEADER | 00655nam a2200181Ia 4500 | ||
|---|---|---|---|
| 001 | CTU_90863 | ||
| 008 | 210402s9999 xx 000 0 und d | ||
| 082 | |a 344.59701 | ||
| 082 | |b Ch250/2003 | ||
| 245 | 0 | |a Chế độ chính sách mới về lao động, tiền lương và bảo hiểm xã hội | |
| 245 | 0 | |c Nguyễn Khải Nguyên, Đinh Thảo [Tuyển chọn và giới thiệu] | |
| 260 | |a Hà Nội | ||
| 260 | |b Thống Kê | ||
| 260 | |c 2003 | ||
| 650 | |a Labor laws and legislation,Public welfare | ||
| 650 | |z Vietnam | ||
| 904 | |i Tuyến | ||
| 980 | |a Trung tâm Học liệu Trường Đại học Cần Thơ | ||